| 000 | 02560nam0a2200409 4500 | ||
|---|---|---|---|
| 001 | RU\NLR\bibl\1455398 | ||
| 005 | 20260407111459.0 | ||
| 021 |
_aRU _b2009-89104 _95611 |
||
| 035 | _a(NLR Aleph) 001447204 | ||
| 090 |
_a1500202 _c1500202 |
||
| 100 | _a20091221d2009 |||y0rusy50 ca | ||
| 101 | 0 |
_arus _aeng _ager |
|
| 102 | _aRU | ||
| 105 | _ay ||||||||| | ||
| 200 | 1 |
_aСравнительная педагогика _eучебно-методическое пособие на английском и немецком языках _e[для студентов и преподавателей языковых отделений пединститутов и филологических факультетов университетов] _fФедер. агентство по образованию, Новгород. гос. ун-т им. Ярослава Мудрого _g[авт.-сост.: Владимирова Ирина Георгиевна, Ткаченко Мария Сергеевна] |
|
| 210 |
_aВеликий Новгород _cизд.-полигр. центр Новгородского государствееного университета _d2009 |
||
| 215 |
_a63 с. _d21 |
||
| 606 | 1 |
_aАнглийский язык _xУчебные издания для педагогов _92413027 _3RU\NLR\auth\661437574 |
|
| 606 | 1 |
_aНемецкий язык _xУчебные издания для педагогов _92424826 _3RU\NLR\auth\661443751 |
|
| 606 | 1 |
_aАнглийский язык _xПреподавание _xВысшие педагогические учебные заведения _92494462 _3RU\NLR\auth\661479857 |
|
| 606 | 1 |
_aНемецкий язык _xПреподавание _xВысшие педагогические учебные заведения _92609502 _3RU\NLR\auth\661546060 |
|
| 686 | _aШ143.21-93рус31 | ||
| 686 | _aШ143.21-93рус329.51 | ||
| 686 | _aШ143.24-93рус31 | ||
| 686 | _aШ143.24-93рус329.51 | ||
| 686 | _aЧ486.179Ан2(2) | ||
| 686 | _aЧ486.179Нем2(2) | ||
| 702 | 1 |
_4220 _8rus _7ca _aВладимирова _bИ. Г. _cканд. филол. наук _gИрина Георгиевна _3RU\NLR\auth\7794869 _977795 |
|
| 712 | 0 | 2 |
_4570 _aНовгородский государственный университет им. Ярослава Мудрого _3RU\NLR\AUTH\889939168 _9373214 |
| 801 | 0 |
_aRU _bNLR _c20091221 _gRCR |
|
| 801 | 1 |
_aRU _bNLR _c20091221 |
|
| 830 | _aсост. по кн. | ||
| 942 | _cBOOK | ||
| 980 | _aNB | ||
| 980 | _aNBR | ||